000 00516cam a22001932a 4500
001 012367
003 AR-FADEU
008 311216n1956####xxu####################dd
092 _a616
_bW434
100 _aWeizsacker, Viktor von
245 _aEl hombre enfermo : una introducción a la antropología médica
260 _aBarcelona
260 _bLuis Miracle
260 _c1956
300 _a334 p
440 _aBiblioteca de antropología
_n15
650 _aENFERMEDAD; ANTROPOLOGIA MEDICA
942 _cBDGR
999 _c18136
_d18136